000 00372nam a2200145Ia 4500
008 230917s9999||||xx |||||||||||||| ||und||
040 _e123520
_aMAIN
041 _aEnglish
082 _a647.94 L334F
100 _aLashley, Conrad, ed.
245 0 _aFranchising hospitality services
260 _aOxford
_bButterworth-Heinemann
_c2003
300 _a274 p.
942 _cBK
999 _c147612
_d147612